Systems Analysis Modelling Simulation

Dettagli Bibliografici
Natura: Elettronico Periodico
Lingua:English
Pubblicazione: Cambridge University Press
Accesso online:Full text available on Research4Life (HINARI,AGORA,OARE,ARDI & GOALI)
LEADER 00759cas a2200169 a 4500
001 AALejournalResearch4Life001071
008 240902c9999 xx r poo 0 0eng d
022 |a 2329298 
040 |a BD-DhAAL  |c BD-DhAAL 
245 0 0 |h [electronic resource]  |a Systems Analysis Modelling Simulation 
260 |b Cambridge University Press 
300 |a 1 online resource 
362 0 |a v. 42:01 (2002) - v. 43:12 (2003) 
500 |a <strong>On-Campus Access Only (IP based access)</strong> 
506 |a Electronic access restricted to authorized BRAC University faculty, staff and students 
538 |a Mode of access: Internet 
856 4 0 |z Full text available on Research4Life (HINARI,AGORA,OARE,ARDI & GOALI)  |u https://login.research4life.org/tacsgr0www_tandfonline_com/loi/gsam20